Estatísticas para Maiores Cidades em cada Estado Brasileiro - Extremo

Clique aqui para jogar o quiz

Estatísticas Gerais

  • Esse quiz foi jogado 2 047 vezes
  • A pontuação média é 46 de 130

Estatísticas das Respostas

EstadoPopulaçãoMunicípio% Correto
Rio de Janeiro6.718.903Rio de Janeiro
95%
São Paulo12.252.023São Paulo
90%
Acre407.319Rio Branco
84%
Minas Gerais2.512.070Belo Horizonte
83%
Bahia2.872.347Salvador
82%
Amazonas2.182.763Manaus
81%
Paraná1.933.105Curitiba
80%
Ceará2.669.342Fortaleza
80%
Goiás1.516.113Goiânia
79%
Espírito Santo362.097Vitória
79%
Rio Grande
do Sul
1.483.771Porto Alegre
77%
Pará1.492.745Belém
76%
Amapá503.327Macapá
75%
Pernambuco1.645.727Recife
75%
Mato Grosso612.547Cuiabá
74%
Santa Catarina500.973Florianópolis
74%
Rio Grande
do Norte
884.122Natal
74%
Tocantins299.127Palmas
74%
Alagoas1.018.948Maceió
73%
São Paulo1.204.073Campinas
72%
Paraíba809.015João Pessoa
72%
Maranhão1.101.884São Luís
72%
Mato Grosso
do Sul
895.982Campo Grande
71%
Piauí59.935Floriano
69%
Piauí864.845Teresina
68%
Rondônia529.544Porto Velho
66%
Sergipe657.013Aracaju
64%
São Paulo1.379.182Guarulhos
64%
Roraima399.213Boa Vista
60%
Rio de Janeiro919.596Duque de Caxias
59%
Paraná569.733Londrina
58%
Rio de Janeiro513.584Niterói
58%
Minas Gerais691.305Uberlândia
58%
Santa Catarina590.466Joinville
52%
Santa Catarina246.586São José
51%
Maranhão164.880Caxias
49%
Rio Grande
do Sul
510.906Caxias do Sul
49%
Bahia614.872Feira de Santana
48%
Paraná423.666Maringá
47%
Rio de Janeiro1.084.839São Gonçalo
46%
São Paulo838.936São Bernardo do Campo
45%
São Paulo721.944São José dos Campos
45%
Pernambuco392.482Olinda
43%
Santa Catarina357.199Blumenau
42%
Santa Catarina220.367Chapecó
42%
Bahia216.707Juazeiro
42%
Ceará274.207Juazeiro do Norte
42%
Espírito Santo493.838Vila Velha
42%
Paraíba409.731Campina Grande
41%
Minas Gerais568.873Juiz de Fora
41%
Rio de Janeiro821.128Nova Iguaçu
39%
Rio Grande
do Sul
342.405Pelotas
39%
Paraná328.454Cascavel
37%
Goiás386.923Anápolis
35%
Minas Gerais439.340Betim
34%
Paraná351.736Ponta Grossa
34%
Pará304.589Santarém
34%
Goiás578.179Aparecida de Goiânia
33%
Rio Grande
do Sul
282.123Santa Maria
33%
Bahia341.597Vitória da Conquista
33%
Espírito Santo517.510Serra
32%
Minas Gerais663.855Contagem
31%
Maranhão258.682Imperatriz
31%
Ceará208.935Sobral
31%
Rio Grande
do Norte
297.378Mossoró
30%
Pernambuco349.145Petrolina
30%
Pernambuco361.118Caruaru
28%
Mato Grosso
do Sul
222.949Dourados
28%
Pernambuco702.298Jaboatão dos Guararapes
28%
Alagoas231.747Arapiraca
26%
Mato Grosso232.491Rondonópolis
26%
Rio Grande
do Sul
346.616Canoas
25%
Pará530.598Ananindeua
24%
Acre88.376Cruzeiro do Sul
24%
Mato Grosso142.996Sinop
24%
Pará279.349Marabá
23%
Amazonas114.273Parintins
21%
Goiás235.647Rio Verde
21%
Bahia299.132Camaçari
20%
Espírito Santo381.285Cariacica
20%
Mato Grosso
do Sul
111.435Corumbá
20%
Rondônia128.969Ji-Paraná
19%
Piauí153.078Parnaíba
18%
Paraíba107.605Patos
18%
Espírito Santo208.972Cachoeiro de Itapemirim
17%
Ceará361.400Caucaia
17%
Amapá121.364Santana
17%
Mato Grosso284.971Várzea Grande
17%
Amapá27.270Oiapoque
16%
Mato Grosso
do Sul
92.526Ponta Porã
16%
Tocantins180.470Araguaína
14%
Sergipe104.408Lagarto
14%
Piauí78.222Picos
14%
Ceará227.886Maracanaú
13%
Rio Grande
do Norte
261.469Parnamirim
13%
Rondônia99.854Vilhena
13%
Mato Grosso
do Sul
121.388Três Lagoas
12%
Rondônia107.863Ariquemes
11%
Paraíba96.880Bayeux
11%
Amazonas101.337Itacoatiara
11%
Pará208.273Parauapebas
11%
Acre45.848Sena Madureira
11%
Maranhão169.107Timon
11%
Goiás212.440Águas Lindas de Goiás
10%
Tocantins86.647Gurupi
10%
Sergipe95.427Itabaiana
10%
Alagoas73.218Palmeira dos Índios
10%
Acre34.780Feijó
9%
Amapá50.410Laranjal do Jari
9%
Amazonas97.377Manacapuru
9%
Sergipe183.628Nossa Senhora do Socorro
9%
Alagoas75.120Rio Largo
9%
Paraíba136.586Santa Rita
9%
Maranhão177.687São José de Ribamar
9%
Rondônia85.359Cacoal
8%
Amazonas85.097Coari
8%
Piauí63.742Piripiri
8%
Tocantins53.010Porto Nacional
8%
Roraima30.163Rorainópolis
8%
Mato Grosso103.750Tangará da Serra
8%
Alagoas65.611União dos Palmares
8%
Acre42.567Tarauacá
7%
Roraima21.926Caracaraí
6%
Tocantins51.252Paraíso do Tocantins
6%
Sergipe90.072São Cristóvão
6%
Rio Grande
do Norte
102.400São Gonçalo do Amarante
6%
Rio Grande
do Norte
80.792Macaíba
5%
Roraima18.335Cantá
4%
Roraima17.853Mucajaí
4%
Amapá21.971Porto Grande
4%

Distribuição das Pontuações

Percentil de Números Respondidos

Porcentagem de Pessoas com Cada Pontuação

Sua Pontuação Histórica

Você não jogou esse quiz